[Event "GER-chW Blitz 2019"]
[Site "Magdeburg"]
[Date "2019.05.25"]
[Round "13.1"]
[White "Silz, Elisa"]
[Black "Roesler, Hannah Clara Hed"]
[Result "1-0"]
[WhiteElo "1977"]
[BlackElo "1619"]
[Annotator "NA"]
[PlyCount "78"]
[EventDate "2019.05.25"]
[EventType "tourn"]
[EventCountry "GER"]
[SourceTitle "playchess.com"]
[Source "ChessBase"]
[SourceQuality "1"]
[TimeControl "180+2"]

1. d4 {[%emt 0:00:00]} Nf6 {[%emt 0:00:00]} 2. Nf3 {[%emt 0:00:00]} e6 {[%emt 0:00:06]} 3. c4 {[%emt 0:00:00]} Bb4+ {[%emt 0:00:02]} 4. Bd2 {[%emt 0:00:01]} Qe7 {[%emt 0:00:01]} 5. Nc3 {[%emt 0:00:01]} Bxc3 {[%emt 0:00:13]} 6. Bxc3 {[%emt 0:00:01]} Ne4 {[%emt 0:00:02]} 7. g3 {[%emt 0:00:06]} O-O {[%emt 0:00:21]} 8. Bg2 {[%emt 0:00:00]} d6 {[%emt 0:00:19]} 9. O-O {[%emt 0:00:05]} Nxc3 {[%emt 0:00:01]} 10. bxc3 {[%emt 0:00:01]} Nc6 {[%emt 0:00:19]} 11. Rb1 {[%emt 0:00:06]} Rb8 {[%emt 0:00:14]} 12. e4 {[%emt 0:00:08]} e5 {[%emt 0:00:04]} 13. Qc2 {[%emt 0:00:11]} Bg4 {[%emt 0:00:10]} 14. d5 {[%emt 0:00:12]} Nd8 {[%emt 0:00:17]} 15. h3 {[%emt 0:00:17]} Bh5 {[%emt 0:00:10]} 16. Nh4 {[%emt 0:00:09]} Bg6 {[%emt 0:00:32]} 17. Qe2 {[%emt 0:00:32]} b6 {[%emt 0:00:13]} 18. a4 {[%emt 0:00:07]} a5 {[%emt 0:00:04]} 19. Bf3 {[%emt 0:00:13]} Nb7 {[%emt 0:00:05]} 20. Ra1 {[%emt 0:00:13]} Nc5 {[%emt 0:00:06]} 21. Rfe1 {[%emt 0:00:10]} f5 {[%emt 0:00:05]} 22. exf5 {[%emt 0:00:15]} Bxf5 {[%emt 0:00:02]} 23. Nxf5 {[%emt 0:00:10]} Rxf5 {[%emt 0:00:01]} 24. Bg4 {[%emt 0:00:05]} Rf6 {[%emt 0:00:06]} 25. f4 {[%emt 0:00:06]} e4 {[%emt 0:00:08]} 26. Bf3 {[%emt 0:00:15]} Re8 {[%emt 0:00:02]} 27. Bg2 {[%emt 0:00:01]} Ref8 {[%emt 0:00:03]} 28. Bxe4 {[%emt 0:00:06]} Nxe4 {[%emt 0:00:03]} 29. Qxe4 {[%emt 0:00:01]} Qxe4 {[%emt 0:00:02]} 30. Rxe4 Kf7 {[%emt 0:00:01]} 31. Rae1 {[%emt 0:00:03]} g6 {[%emt 0:00:04]} 32. Re7+ {[%emt 0:00:01]} Kg8 {[%emt 0:00:02]} 33. Rxc7 {[%emt 0:00:01]} Rb8 {[%emt 0:00:04]} 34. Ree7 {[%emt 0:00:01]} g5 {[%emt 0:00:03]} 35. Rg7+ {[%emt 0:00:01]} Kh8 {[%emt 0:00:02]} 36. Rxh7+ {[%emt 0:00:01]} Kg8 {[%emt 0:00:01]} 37. fxg5 {[%emt 0:00:02]} Rg6 {[%emt 0:00:02]} 38. h4 {[%emt 0:00:03]} Re8 {[%emt 0:00:03]} 39. Kf2 {[%emt 0:00:01]} Rf8+ 1-0

[Event "GER-chW Blitz 2019"]
[Site "Magdeburg"]
[Date "2019.05.25"]
[Round "13.2"]
[White "Kotyk, Valeriya"]
[Black "Rath, Alina"]
[Result "1-0"]
[WhiteElo "1739"]
[BlackElo "2042"]
[Annotator "NA"]
[PlyCount "60"]
[EventDate "2019.05.25"]
[EventType "tourn"]
[EventCountry "GER"]
[SourceTitle "playchess.com"]
[Source "ChessBase"]
[SourceQuality "1"]
[TimeControl "180+2"]

1. d4 {[%emt 0:00:00]} d5 {[%emt 0:00:00]} 2. c4 {[%emt 0:00:01]} e6 {[%emt 0:00:00]} 3. Nc3 {[%emt 0:00:01]} c5 {[%emt 0:00:02]} 4. Nf3 {[%emt 0:00:06]} Nc6 {[%emt 0:00:01]} 5. cxd5 {[%emt 0:00:03]} exd5 {[%emt 0:00:03]} 6. e3 {[%emt 0:00:03]} Nf6 {[%emt 0:00:02]} 7. Be2 {[%emt 0:00:05]} Be7 {[%emt 0:00:01]} 8. O-O {[%emt 0:00:01]} O-O {[%emt 0:00:02]} 9. a3 {[%emt 0:00:02]} a6 {[%emt 0:00:05]} 10. dxc5 {[%emt 0:00:01]} Bxc5 {[%emt 0:00:01]} 11. b4 {[%emt 0:00:01]} Ba7 {[%emt 0:00:07]} 12. Qc2 {[%emt 0:00:25]} Bg4 {[%emt 0:00:19]} 13. Rd1 {[%emt 0:00:02]} Rc8 {[%emt 0:00:02]} 14. Bb2 {[%emt 0:00:17]} Qd7 {[%emt 0:00:21]} 15. Nd4 {[%emt 0:00:25]} Bxd4 {[%emt 0:00:17]} 16. Bxg4 {[%emt 0:00:10]} Qxg4 {[%emt 0:00:03]} 17. exd4 {[%emt 0:00:23]} Nxd4 {[%emt 0:00:15]} 18. Qd3 {[%emt 0:00:02]} Ne6 {[%emt 0:00:46]} 19. Qg3 {[%emt 0:00:08]} Qxg3 {[%emt 0:00:03]} 20. hxg3 {[%emt 0:00:01]} Rfd8 {[%emt 0:00:05]} 21. Ne2 {[%emt 0:00:01]} Ne4 {[%emt 0:00:10]} 22. Be5 {[%emt 0:00:12]} Rc2 {[%emt 0:00:04]} 23. Nd4 {[%emt 0:00:03]} Rxf2 {[%emt 0:00:09]} 24. Rac1 {[%emt 0:00:14]} Nxd4 {[%emt 0:00:16]} 25. Bxd4 {[%emt 0:00:01]} Ra2 {[%emt 0:00:01]} 26. Rc7 {[%emt 0:00:03]} Nxg3 {[%emt 0:00:07]} 27. Bc5 {[%emt 0:00:08]} f6 {[%emt 0:00:05]} 28. Rxb7 {[%emt 0:00:02]} Ne4 {[%emt 0:00:15]} 29. Rd3 {[%emt 0:00:12]} Re8 {[%emt 0:00:05]} 30. Rxd5 {[%emt 0:00:05]} Ng5 1-0

[Event "GER-chW Blitz 2019"]
[Site "Magdeburg"]
[Date "2019.05.25"]
[Round "13.3"]
[White "Fuchs, Judith"]
[Black "Birkholz, Olga"]
[Result "1-0"]
[WhiteElo "2218"]
[BlackElo "2031"]
[Annotator "NA"]
[PlyCount "149"]
[EventDate "2019.05.25"]
[EventType "tourn"]
[EventCountry "GER"]
[SourceTitle "playchess.com"]
[Source "ChessBase"]
[SourceQuality "1"]
[TimeControl "180+2"]

1. e4 {[%emt 0:00:00]} b6 {[%emt 0:00:00]} 2. d4 {[%emt 0:00:01]} Bb7 {[%emt 0:00:00]} 3. Bd3 {[%emt 0:00:01]} g6 {[%emt 0:00:01]} 4. Nf3 {[%emt 0:00:01]} Bg7 {[%emt 0:00:01]} 5. O-O {[%emt 0:00:02]} e6 {[%emt 0:00:01]} 6. c3 {[%emt 0:00:03]} Ne7 {[%emt 0:00:02]} 7. Be3 {[%emt 0:00:07]} d6 {[%emt 0:00:05]} 8. Re1 {[%emt 0:00:13]} Nd7 {[%emt 0:00:02]} 9. Qd2 {[%emt 0:00:07]} O-O {[%emt 0:00:01]} 10. Bh6 {[%emt 0:00:01]} c5 {[%emt 0:00:11]} 11. Bxg7 {[%emt 0:00:07]} Kxg7 {[%emt 0:00:01]} 12. Na3 {[%emt 0:00:01]} a6 {[%emt 0:00:10]} 13. Nc2 {[%emt 0:00:14]} Qc7 {[%emt 0:00:05]} 14. Ne3 {[%emt 0:00:07]} Nc6 {[%emt 0:00:08]} 15. Ng4 {[%emt 0:00:20]} f6 {[%emt 0:00:40]} 16. Qh6+ {[%emt 0:00:16]} Kg8 {[%emt 0:00:09]} 17. Bc4 {[%emt 0:00:41]} Nd8 {[%emt 0:00:02]} 18. Rac1 {[%emt 0:00:17]} b5 {[%emt 0:00:03]} 19. Bb3 {[%emt 0:00:03]} c4 {[%emt 0:00:15]} 20. Bc2 {[%emt 0:00:01]} Nf7 {[%emt 0:00:01]} 21. Qh3 {[%emt 0:00:00]} Ng5 {[%emt 0:00:13]} 22. Nxg5 {[%emt 0:00:04]} fxg5 {[%emt 0:00:01]} 23. e5 {[%emt 0:00:13]} Rf4 {[%emt 0:00:10]} 24. exd6 Qxd6 {[%emt 0:00:01]} 25. Ne5 {[%emt 0:00:07]} Nf6 {[%emt 0:00:34]} 26. Qg3 {[%emt 0:00:09]} Rf8 {[%emt 0:00:13]} 27. f3 {[%emt 0:00:08]} Nh5 {[%emt 0:00:24]} 28. Qxg5 {[%emt 0:00:03]} Qd8 {[%emt 0:00:03]} 29. Qxd8 {[%emt 0:00:02]} Rxd8 {[%emt 0:00:00]} 30. Re3 {[%emt 0:00:02]} Rf6 {[%emt 0:00:03]} 31. Be4 {[%emt 0:00:01]} Bxe4 32. Rxe4 {[%emt 0:00:01]} Nf4 {[%emt 0:00:03]} 33. Nc6 {[%emt 0:00:01]} Rd6 {[%emt 0:00:02]} 34. Ne5 {[%emt 0:00:02]} g5 {[%emt 0:00:02]} 35. Rce1 {[%emt 0:00:02]} h6 {[%emt 0:00:03]} 36. g3 {[%emt 0:00:02]} Ng6 {[%emt 0:00:03]} 37. Nxg6 Rxg6 {[%emt 0:00:01]} 38. Re5 {[%emt 0:00:02]} Kf7 {[%emt 0:00:01]} 39. Kg2 {[%emt 0:00:01]} Rf6 {[%emt 0:00:02]} 40. R1e4 {[%emt 0:00:01]} Rb6 {[%emt 0:00:03]} 41. a3 {[%emt 0:00:01]} a5 {[%emt 0:00:03]} 42. h4 {[%emt 0:00:04]} b4 {[%emt 0:00:03]} 43. hxg5 {[%emt 0:00:02]} hxg5 {[%emt 0:00:01]} 44. axb4 {[%emt 0:00:01]} axb4 {[%emt 0:00:01]} 45. Rxg5 {[%emt 0:00:01]} bxc3 {[%emt 0:00:02]} 46. bxc3 {[%emt 0:00:01]} Rb2+ {[%emt 0:00:00]} 47. Kh3 {[%emt 0:00:01]} Rxf3 {[%emt 0:00:01]} 48. Rh5 {[%emt 0:00:03]} Rff2 {[%emt 0:00:06]} 49. Kg4 {[%emt 0:00:02]} Rb3 {[%emt 0:00:04]} 50. Re3 {[%emt 0:00:02]} Rf6 {[%emt 0:00:03]} 51. Rc5 {[%emt 0:00:01]} Rg6+ {[%emt 0:00:02]} 52. Kf4 {[%emt 0:00:01]} Rf6+ {[%emt 0:00:01]} 53. Ke4 {[%emt 0:00:01]} Rb1 {[%emt 0:00:12]} 54. Rxc4 {[%emt 0:00:01]} Rg1 {[%emt 0:00:01]} 55. Rc5 {[%emt 0:00:02]} Rg6 {[%emt 0:00:02]} 56. Rf3+ {[%emt 0:00:02]} Ke7 {[%emt 0:00:01]} 57. Rc7+ {[%emt 0:00:07]} Kd6 {[%emt 0:00:01]} 58. Ra7 {[%emt 0:00:03]} R6xg3 {[%emt 0:00:02]} 59. Ra6+ {[%emt 0:00:02]} Ke7 {[%emt 0:00:02]} 60. Rxg3 {[%emt 0:00:05]} Rxg3 {[%emt 0:00:01]} 61. c4 {[%emt 0:00:01]} Rg4+ {[%emt 0:00:01]} 62. Kd3 {[%emt 0:00:01]} Rg3+ {[%emt 0:00:02]} 63. Ke4 {[%emt 0:00:02]} Rg4+ {[%emt 0:00:01]} 64. Ke3 {[%emt 0:00:01]} Rg3+ {[%emt 0:00:01]} 65. Kf4 {[%emt 0:00:00]} Rc3 {[%emt 0:00:01]} 66. c5 {[%emt 0:00:01]} Rc4 {[%emt 0:00:01]} 67. Ke5 {[%emt 0:00:01]} Rc1 {[%emt 0:00:02]} 68. Ra7+ {[%emt 0:00:00]} Ke8 {[%emt 0:00:03]} 69. Kxe6 {[%emt 0:00:01]} Re1+ {[%emt 0:00:01]} 70. Kd6 {[%emt 0:00:01]} Rh1 {[%emt 0:00:02]} 71. c6 {[%emt 0:00:04]} Rh6+ {[%emt 0:00:02]} 72. Kc5 {[%emt 0:00:00]} Kd8 {[%emt 0:00:02]} 73. d5 {[%emt 0:00:02]} Kc8 {[%emt 0:00:02]} 74. Kb6 {[%emt 0:00:01]} Rd6 {[%emt 0:00:05]} 75. Ra8# 1-0

[Event "GER-chW Blitz 2019"]
[Site "Magdeburg"]
[Date "2019.05.25"]
[Round "13.4"]
[White "Lubbe, Melanie"]
[Black "Hofmann, Karina"]
[Result "1-0"]
[WhiteElo "2278"]
[BlackElo "1700"]
[Annotator "NA"]
[PlyCount "53"]
[EventDate "2019.05.25"]
[EventType "tourn"]
[EventCountry "GER"]
[SourceTitle "playchess.com"]
[Source "ChessBase"]
[SourceQuality "1"]
[TimeControl "180+2"]

1. d4 {[%emt 0:00:00]} b6 {[%emt 0:00:00]} 2. e4 {[%emt 0:00:02]} Bb7 {[%emt 0:00:00]} 3. Nc3 {[%emt 0:00:01]} g6 {[%emt 0:00:01]} 4. f3 {[%emt 0:00:01]} Bg7 {[%emt 0:00:01]} 5. Be3 {[%emt 0:00:01]} e6 {[%emt 0:00:03]} 6. Qd2 {[%emt 0:00:00]} Ne7 {[%emt 0:00:01]} 7. Nge2 {[%emt 0:00:04]} d5 {[%emt 0:00:05]} 8. O-O-O {[%emt 0:00:09]} dxe4 {[%emt 0:00:05]} 9. fxe4 {[%emt 0:00:02]} O-O {[%emt 0:00:05]} 10. h4 {[%emt 0:00:04]} h5 {[%emt 0:00:03]} 11. Bh6 {[%emt 0:00:04]} Nd7 {[%emt 0:00:09]} 12. g4 {[%emt 0:00:11]} hxg4 {[%emt 0:00:04]} 13. h5 {[%emt 0:00:04]} f5 {[%emt 0:00:08]} 14. hxg6 {[%emt 0:00:09]} Bh8 {[%emt 0:01:07]} 15. Bxf8 {[%emt 0:00:33]} Qxf8 {[%emt 0:00:06]} 16. Qg5 {[%emt 0:00:16]} Qf6 {[%emt 0:00:05]} 17. Qh5 {[%emt 0:00:17]} Nxg6 {[%emt 0:00:10]} 18. exf5 {[%emt 0:00:10]} Bxh1 {[%emt 0:00:03]} 19. fxg6 {[%emt 0:00:06]} Bf3 {[%emt 0:00:18]} 20. Kb1 {[%emt 0:00:11]} Nf8 {[%emt 0:00:05]} 21. Qh2 {[%emt 0:00:12]} Nxg6 {[%emt 0:00:06]} 22. Bg2 {[%emt 0:00:05]} Bxe2 {[%emt 0:00:07]} 23. Nxe2 {[%emt 0:00:02]} Rd8 {[%emt 0:00:04]} 24. Rf1 {[%emt 0:00:08]} Qe7 {[%emt 0:00:08]} 25. Be4 {[%emt 0:00:07]} Qh4 {[%emt 0:00:22]} 26. Qxc7 {[%emt 0:00:05]} Qg5 {[%emt 0:00:14]} 27. Qf7# {[%emt 0:00:05]} 1-0

[Event "GER-chW Blitz 2019"]
[Site "Magdeburg"]
[Date "2019.05.25"]
[Round "13.5"]
[White "Ries, Jutta"]
[Black "Siegl, Melina"]
[Result "1-0"]
[WhiteElo "2017"]
[BlackElo "2029"]
[Annotator "NA"]
[PlyCount "97"]
[EventDate "2019.05.25"]
[EventType "tourn"]
[EventCountry "GER"]
[SourceTitle "playchess.com"]
[Source "ChessBase"]
[SourceQuality "1"]
[TimeControl "180+2"]

1. f4 {[%emt 0:00:00]} d5 {[%emt 0:00:08]} 2. Nf3 {[%emt 0:00:02]} c5 {[%emt 0:00:03]} 3. b3 {[%emt 0:00:02]} b6 {[%emt 0:00:02]} 4. Bb2 {[%emt 0:00:01]} Bb7 {[%emt 0:00:01]} 5. e3 {[%emt 0:00:01]} e6 {[%emt 0:00:02]} 6. Bb5+ {[%emt 0:00:04]} Nd7 {[%emt 0:00:04]} 7. O-O {[%emt 0:00:38]} a6 {[%emt 0:00:03]} 8. Bxd7+ {[%emt 0:00:02]} Qxd7 {[%emt 0:00:01]} 9. Qe2 {[%emt 0:00:05]} Nf6 {[%emt 0:00:07]} 10. d3 {[%emt 0:00:02]} Be7 {[%emt 0:00:13]} 11. Nbd2 {[%emt 0:00:03]} O-O {[%emt 0:00:04]} 12. Rae1 {[%emt 0:00:04]} Qc7 {[%emt 0:00:14]} 13. Rf2 {[%emt 0:00:44]} d4 {[%emt 0:00:31]} 14. Ne5 {[%emt 0:00:35]} Rad8 {[%emt 0:00:32]} 15. e4 {[%emt 0:00:05]} b5 {[%emt 0:00:20]} 16. Bc1 {[%emt 0:00:10]} Bd6 17. Ng4 {[%emt 0:00:28]} Nd7 {[%emt 0:00:23]} 18. e5 Be7 19. h3 {[%emt 0:00:04]} Bh4 {[%emt 0:00:05]} 20. Ne4 {[%emt 0:00:05]} Nb6 {[%emt 0:00:18]} 21. g3 {[%emt 0:00:02]} Be7 {[%emt 0:00:04]} 22. Ref1 {[%emt 0:00:02]} Nd5 {[%emt 0:00:01]} 23. Nh2 {[%emt 0:00:06]} Rc8 {[%emt 0:00:15]} 24. Qg4 {[%emt 0:00:02]} Ne3 {[%emt 0:00:07]} 25. Bxe3 {[%emt 0:00:05]} dxe3 {[%emt 0:00:01]} 26. Re2 {[%emt 0:00:01]} Bxe4 {[%emt 0:00:02]} 27. dxe4 {[%emt 0:00:02]} c4 {[%emt 0:00:02]} 28. Rxe3 {[%emt 0:00:04]} Bc5 {[%emt 0:00:00]} 29. Rfe1 {[%emt 0:00:06]} Qb6 30. Nf1 {[%emt 0:00:02]} Rcd8 {[%emt 0:00:03]} 31. Kg2 {[%emt 0:00:01]} Bxe3 {[%emt 0:00:02]} 32. Rxe3 {[%emt 0:00:02]} cxb3 {[%emt 0:00:06]} 33. cxb3 {[%emt 0:00:03]} Rd2+ {[%emt 0:00:03]} 34. Re2 {[%emt 0:00:01]} Rfd8 {[%emt 0:00:05]} 35. Nxd2 {[%emt 0:00:03]} Rxd2 {[%emt 0:00:05]} 36. Rxd2 {[%emt 0:00:01]} h6 {[%emt 0:00:02]} 37. f5 {[%emt 0:00:02]} Qe3 {[%emt 0:00:02]} 38. Qe2 {[%emt 0:00:01]} Qc3 {[%emt 0:00:02]} 39. f6 {[%emt 0:00:02]} Qxe5 {[%emt 0:00:01]} 40. fxg7 {[%emt 0:00:02]} Kxg7 {[%emt 0:00:01]} 41. Qg4+ {[%emt 0:00:02]} Kh7 {[%emt 0:00:01]} 42. Rf2 {[%emt 0:00:02]} f5 {[%emt 0:00:02]} 43. exf5 {[%emt 0:00:02]} exf5 {[%emt 0:00:00]} 44. Rxf5 {[%emt 0:00:02]} Qb2+ {[%emt 0:00:01]} 45. Rf2 {[%emt 0:00:01]} Qe5 {[%emt 0:00:02]} 46. Qd7+ {[%emt 0:00:03]} Kg6 {[%emt 0:00:01]} 47. Qf7+ {[%emt 0:00:01]} Kg5 {[%emt 0:00:01]} 48. h4+ {[%emt 0:00:03]} Kg4 {[%emt 0:00:00]} 49. Qf3# {[%emt 0:00:01]} 1-0

[Event "GER-chW Blitz 2019"]
[Site "Magdeburg"]
[Date "2019.05.25"]
[Round "13.6"]
[White "Kushka, Alena"]
[Black "Muetsch, Annmarie"]
[Result "0-1"]
[WhiteElo "2148"]
[BlackElo "2266"]
[Annotator "NA"]
[PlyCount "74"]
[EventDate "2019.05.25"]
[EventType "tourn"]
[EventCountry "GER"]
[SourceTitle "playchess.com"]
[Source "ChessBase"]
[SourceQuality "1"]
[TimeControl "180+2"]

1. d4 {[%emt 0:00:00]} Nf6 {[%emt 0:00:00]} 2. c4 {[%emt 0:00:01]} g6 {[%emt 0:00:00]} 3. Nc3 {[%emt 0:00:01]} Bg7 {[%emt 0:00:00]} 4. e4 {[%emt 0:00:01]} d6 {[%emt 0:00:01]} 5. f4 {[%emt 0:00:01]} O-O {[%emt 0:00:03]} 6. Nf3 {[%emt 0:00:01]} c5 {[%emt 0:00:02]} 7. d5 {[%emt 0:00:01]} e6 {[%emt 0:00:01]} 8. dxe6 {[%emt 0:00:01]} Bxe6 {[%emt 0:00:07]} 9. Bd3 {[%emt 0:00:02]} Nc6 {[%emt 0:00:03]} 10. f5 {[%emt 0:00:01]} Bd7 {[%emt 0:00:10]} 11. O-O {[%emt 0:00:02]} Ng4 {[%emt 0:00:09]} 12. Bg5 {[%emt 0:00:25]} Bf6 {[%emt 0:00:18]} 13. Bxf6 {[%emt 0:00:24]} Qxf6 {[%emt 0:00:04]} 14. Nd5 {[%emt 0:00:12]} Qg7 {[%emt 0:00:40]} 15. h3 {[%emt 0:00:31]} Nge5 {[%emt 0:00:02]} 16. f6 {[%emt 0:00:10]} Qh6 {[%emt 0:00:06]} 17. Nxe5 {[%emt 0:00:15]} Nxe5 {[%emt 0:00:06]} 18. Ne7+ {[%emt 0:00:06]} Kh8 {[%emt 0:00:01]} 19. Qe2 {[%emt 0:00:07]} Qg5 {[%emt 0:00:13]} 20. Kh1 {[%emt 0:00:18]} Qg3 {[%emt 0:00:08]} 21. Rad1 {[%emt 0:00:12]} Be6 {[%emt 0:00:25]} 22. b3 {[%emt 0:00:08]} a6 {[%emt 0:00:03]} 23. Bb1 {[%emt 0:00:07]} Rab8 {[%emt 0:00:05]} 24. Qd2 {[%emt 0:00:14]} Qh4 {[%emt 0:00:24]} 25. Qf4 {[%emt 0:00:09]} Qxf4 {[%emt 0:00:05]} 26. Rxf4 {[%emt 0:00:01]} Rfd8 {[%emt 0:00:05]} 27. Rdf1 {[%emt 0:00:04]} b5 {[%emt 0:00:03]} 28. cxb5 {[%emt 0:00:05]} axb5 {[%emt 0:00:00]} 29. Rh4 {[%emt 0:00:03]} c4 {[%emt 0:00:04]} 30. bxc4 {[%emt 0:00:03]} bxc4 {[%emt 0:00:01]} 31. Bc2 {[%emt 0:00:02]} Rb2 {[%emt 0:00:04]} 32. Bd1 {[%emt 0:00:03]} c3 {[%emt 0:00:04]} 33. Rff4 {[%emt 0:00:05]} h5 {[%emt 0:00:02]} 34. Rf1 {[%emt 0:00:04]} c2 {[%emt 0:00:02]} 35. Bxh5 {[%emt 0:00:02]} g5 {[%emt 0:00:04]} 36. Bxf7+ {[%emt 0:00:05]} gxh4 {[%emt 0:00:02]} 37. Bxe6 {[%emt 0:00:02]} Rb1 {[%emt 0:00:07]} 0-1

[Event "GER-chW Blitz 2019"]
[Site "Magdeburg"]
[Date "2019.05.25"]
[Round "13.7"]
[White "Schulze, Lara"]
[Black "Michna, Marta"]
[Result "1-0"]
[WhiteElo "2160"]
[BlackElo "2355"]
[Annotator "NA"]
[PlyCount "123"]
[EventDate "2019.05.25"]
[EventType "tourn"]
[EventCountry "GER"]
[SourceTitle "playchess.com"]
[Source "ChessBase"]
[SourceQuality "1"]
[TimeControl "180+2"]

1. e4 {[%emt 0:00:00]} e6 {[%emt 0:00:00]} 2. d4 {[%emt 0:00:00]} d5 {[%emt 0:00:00]} 3. Nd2 {[%emt 0:00:01]} Nf6 {[%emt 0:00:01]} 4. e5 {[%emt 0:00:01]} Nfd7 {[%emt 0:00:01]} 5. Bd3 {[%emt 0:00:01]} c5 {[%emt 0:00:00]} 6. c3 Nc6 7. Ne2 a5 8. O-O {[%emt 0:00:06]} cxd4 {[%emt 0:00:03]} 9. cxd4 {[%emt 0:00:03]} Nb6 {[%emt 0:00:04]} 10. Nf3 {[%emt 0:00:21]} Be7 {[%emt 0:00:02]} 11. Nf4 {[%emt 0:00:20]} g6 {[%emt 0:00:01]} 12. Bb1 {[%emt 0:00:28]} a4 {[%emt 0:00:09]} 13. Nd3 {[%emt 0:00:07]} h5 {[%emt 0:00:19]} 14. Nf4 {[%emt 0:00:17]} Bd7 {[%emt 0:00:37]} 15. Ne1 {[%emt 0:00:28]} Qc7 {[%emt 0:00:11]} 16. g3 {[%emt 0:00:33]} h4 {[%emt 0:00:20]} 17. Qg4 {[%emt 0:00:14]} O-O-O {[%emt 0:00:02]} 18. b3 {[%emt 0:00:12]} Nxd4 {[%emt 0:00:17]} 19. Ned3 {[%emt 0:00:16]} Nf5 {[%emt 0:00:09]} 20. Bd2 {[%emt 0:00:03]} Na8 {[%emt 0:00:27]} 21. Rc1 {[%emt 0:00:01]} Bc6 {[%emt 0:00:00]} 22. bxa4 {[%emt 0:00:03]} hxg3 {[%emt 0:00:04]} 23. hxg3 {[%emt 0:00:01]} d4 {[%emt 0:00:04]} 24. f3 {[%emt 0:00:04]} Kb8 {[%emt 0:00:12]} 25. Bc2 {[%emt 0:00:02]} Ne3 {[%emt 0:00:04]} 26. Bxe3 {[%emt 0:00:02]} dxe3 {[%emt 0:00:01]} 27. Kg2 {[%emt 0:00:05]} Nb6 {[%emt 0:00:02]} 28. a5 {[%emt 0:00:00]} Nd5 {[%emt 0:00:04]} 29. Nxd5 {[%emt 0:00:01]} Rxd5 {[%emt 0:00:03]} 30. Rh1 {[%emt 0:00:03]} Rdd8 {[%emt 0:00:04]} 31. Qf4 {[%emt 0:00:03]} Qxa5 {[%emt 0:00:04]} 32. Qxe3 {[%emt 0:00:01]} Rxh1 33. Rxh1 {[%emt 0:00:01]} Qc3 {[%emt 0:00:04]} 34. Rc1 {[%emt 0:00:02]} Qd4 {[%emt 0:00:03]} 35. Qxd4 {[%emt 0:00:01]} Rxd4 36. Kf2 Ba4 {[%emt 0:00:03]} 37. Bxa4 {[%emt 0:00:02]} Rxa4 {[%emt 0:00:01]} 38. Rc2 {[%emt 0:00:02]} Rd4 39. Ke2 Rd5 {[%emt 0:00:04]} 40. f4 {[%emt 0:00:01]} Ka7 {[%emt 0:00:03]} 41. Rc7 {[%emt 0:00:03]} Ba3 {[%emt 0:00:04]} 42. Rxf7 {[%emt 0:00:01]} Rd8 {[%emt 0:00:03]} 43. Rf6 Rc8 44. Rxe6 {[%emt 0:00:03]} Rc2+ {[%emt 0:00:01]} 45. Ke3 {[%emt 0:00:01]} Rg2 {[%emt 0:00:01]} 46. Kf3 {[%emt 0:00:02]} Rxa2 {[%emt 0:00:01]} 47. Rxg6 {[%emt 0:00:03]} b5 {[%emt 0:00:01]} 48. e6 {[%emt 0:00:02]} Bd6 {[%emt 0:00:03]} 49. Rg7+ {[%emt 0:00:01]} Kb6 {[%emt 0:00:00]} 50. e7 {[%emt 0:00:01]} Bxe7 {[%emt 0:00:03]} 51. Rxe7 {[%emt 0:00:01]} Ra3 {[%emt 0:00:01]} 52. Ke4 {[%emt 0:00:01]} b4 {[%emt 0:00:00]} 53. Nxb4 {[%emt 0:00:02]} Rxg3 {[%emt 0:00:01]} 54. Nd3 {[%emt 0:00:00]} Kc6 {[%emt 0:00:01]} 55. Ne5+ Kd6 56. Re8 {[%emt 0:00:03]} Rg1 {[%emt 0:00:02]} 57. Kf5 {[%emt 0:00:01]} Rf1 {[%emt 0:00:00]} 58. Rd8+ {[%emt 0:00:02]} Ke7 {[%emt 0:00:01]} 59. Rd7+ {[%emt 0:00:00]} Ke8 {[%emt 0:00:00]} 60. Ra7 {[%emt 0:00:01]} Rf2 {[%emt 0:00:01]} 61. Ke6 {[%emt 0:00:02]} Kd8 {[%emt 0:00:05]} 62. f5 {[%emt 0:00:01]} 1-0